Statistics for Country Neighbours: More Densely Populated yet Much Larger

Click here to take the quiz!

General Stats

  • This quiz has been taken 53 times
  • The average score is 14 of 20

Answer Stats

COUNTRY % Correct
China
93%
China
93%
China
93%
India
89%
Brazil
87%
Bhutan
85%
Bhutan
85%
Suriname
80%
Germany
72%
Tajikistan
72%
Kyrgyzstan
70%
Mexico
70%
Indonesia
70%
Belize
67%
East Timor
63%
Luxembourg
63%
Brunei
52%
Malaysia
50%
Djibouti
46%
Ethiopia
43%

Score Distribution

Percentile by Number Answered

Percent of People with Each Score

Your Score History

You have not taken this quiz